ARRUPE JESUIT UNIVERSITY

CORONAVIRUS -STOP THE SPREAD - CLEAN,DISINFECT,COVER

Brilliant essay (Record no. 5659)

MARC details
000 -LEADER
fixed length control field 00543nam a2200229Ia 4500
003 - CONTROL NUMBER IDENTIFIER
control field 0100
008 - FIXED-LENGTH DATA ELEMENTS--GENERAL INFORMATION
fixed length control field 130227s9999 xx 000 0 und d
040 ## - CATALOGING SOURCE
Transcribing agency ARRUPELIB
050 ## - LIBRARY OF CONGRESS CALL NUMBER
Classification number PE1471.K57 2011
100 ## - MAIN ENTRY--PERSONAL NAME
Personal name Kirton, Bill
245 ## - TITLE STATEMENT
Title Brilliant essay
245 ## - TITLE STATEMENT
Remainder of title what you need to know and how to do it
260 ## - PUBLICATION, DISTRIBUTION, ETC. (IMPRINT)
Place of publication, distribution, etc London
260 ## - PUBLICATION, DISTRIBUTION, ETC. (IMPRINT)
Name of publisher, distributor, etc Prentice Hall
260 ## - PUBLICATION, DISTRIBUTION, ETC. (IMPRINT)
-- 2011
300 ## - PHYSICAL DESCRIPTION
Extent xiii
300 ## - PHYSICAL DESCRIPTION
Other physical details 286p. 22cm.
650 ## - SUBJECT ADDED ENTRY--TOPICAL TERM
Topical term following geographic name as entry element Women in the bible
650 ## - SUBJECT ADDED ENTRY--TOPICAL TERM
Location of event Bible--Hermeneutics
650 ## - SUBJECT ADDED ENTRY--TOPICAL TERM
Active dates Criticism
942 ## - ADDED ENTRY ELEMENTS (KOHA)
Source of classification or shelving scheme Library of Congress Classification
Koha issues (borrowed), all copies 4
Holdings
Withdrawn status Lost status Source of classification or shelving scheme Damaged status Not for loan Collection code Home library Current library Shelving location Date acquired Total Checkouts Full call number Barcode Date last seen Date last borrowed Copy number Price effective from Koha item type
    Library of Congress Classification     Main Collection ARRUPE LIBRARY ARRUPE LIBRARY   27/02/2013 4 PE1471.K57 2011 46407420 27/02/2019 04/02/2014 1 27/02/2013 Monograph ( Printed materials)

 

Arrupe Library. PO Box MP320 Mt Pleasant, Harare, Zimbabwe
263 242 745411|librarian@aju.ac.zw